Normal view
MARC view
Entry Personal Name
001 - CONTROL NUMBER
- control field: 309620
003 - CONTROL NUMBER IDENTIFIER
- control field: OSt
005 - DATE AND TIME OF LATEST TRANSACTION
- control field: 20220926005026.0
008 - FIXED-LENGTH DATA ELEMENTS
- fixed length control field: 220926|| aca||aabn | a|a d
040 ## - CATALOGING SOURCE
- Original cataloging agency: OSt
- Transcribing agency: OSt
100 ## - HEADING--PERSONAL NAME
- Personal name: Chanda G K
670 ## - SOURCE DATA FOUND
- Source citation: Work cat.: (OSt)612781: Chanda G K, State and rural economic transformation, 1986
